| 000 | 00531nam a2200169Ia 4500 | ||
|---|---|---|---|
| 008 | 090201s9999 xx 000 0 und d | ||
| 010 | _aKPL-30648 | ||
| 040 | _bमराठी | ||
| 041 | _aमराठी | ||
| 082 |
_a29272 _b30648 |
||
| 100 | _aग. दि. माडगुळकर | ||
| 245 |
_aचैत्रबन _cग. दि. माडगुळकर |
||
| 260 |
_c2004 _bविश्वमोहिनी प्रकाशन |
||
| 300 |
_a336 _bमोठा |
||
| 600 | _aचैत्रबन | ||
| 942 | _cBOOK | ||
| 999 |
_c227888 _d227888 |
||